<?xml version="1.0" encoding="UTF-8"?>
<collection xmlns="http://www.loc.gov/MARC21/slim">
 <record>
  <leader>02127nam a2200241Ia 4500</leader>
  <controlfield tag="001">CTU_239409</controlfield>
  <controlfield tag="008">210402s9999    xx            000 0 und d</controlfield>
  <datafield tag="082" ind1=" " ind2=" ">
   <subfield code="a">346.597082</subfield>
  </datafield>
  <datafield tag="082" ind1=" " ind2=" ">
   <subfield code="b">H107</subfield>
  </datafield>
  <datafield tag="088" ind1=" " ind2=" ">
   <subfield code="a">8380107</subfield>
  </datafield>
  <datafield tag="100" ind1=" " ind2=" ">
   <subfield code="a">Ngô, Thị Mỹ Hạnh</subfield>
  </datafield>
  <datafield tag="245" ind1=" " ind2="0">
   <subfield code="a">Hoàn thiện quy định pháp luật về hợp đồng thế chấp nhà ở hình thành trong tương lai tại ngân hàng thương mại :</subfield>
  </datafield>
  <datafield tag="245" ind1=" " ind2="0">
   <subfield code="b">Luận văn Thạc sĩ Luật học. Chuyên ngành Luật Kinh tế</subfield>
  </datafield>
  <datafield tag="245" ind1=" " ind2="0">
   <subfield code="c">Ngô Thị Mỹ Hạnh ; Nguyễn Ngọc Điện (Cán bộ hướng dẫn)</subfield>
  </datafield>
  <datafield tag="260" ind1=" " ind2=" ">
   <subfield code="a">Cần Thơ</subfield>
  </datafield>
  <datafield tag="260" ind1=" " ind2=" ">
   <subfield code="b">Trường Đại học Cần Thơ</subfield>
  </datafield>
  <datafield tag="260" ind1=" " ind2=" ">
   <subfield code="c">2020</subfield>
  </datafield>
  <datafield tag="520" ind1=" " ind2=" ">
   <subfield code="a">Đề tài “Hoàn thiện quy định pháp luật về hợp đồng thế chấp nhà ở hình thành trong tương lại tại ngân hàng thương mại” nhằm tạo cơ sở lý luận về hợp đồng thế chấp nhà ở hình thành trong tương lại tại ngân hàng thương mại, đi sâu vào phân tích, đánh giá quy định pháp luật về hợp đồng thế chấp nhà ở hình thành trong tương lai tại ngân hàng thương mại. Bên cạnh đó làm rõ thực trạng quy định pháp luật về hợp đồng thế chấp nói trên và đề ra hướng hoàn thiện cho những điểm bất cập đã trình bày với mục đích hoàn thiện hệ thống các quy định pháp luật về vấn đề nói trên. Từ đó hạn chế rủi ro, cân bằng lợi ích của các chủ thể tham gia hợp đồng và một số chủ thể có liên quan khác trong suốt quá trình thực hiện hợp đồng nói trên.</subfield>
  </datafield>
  <datafield tag="650" ind1=" " ind2=" ">
   <subfield code="a">Luật ngân hàng,Banking law</subfield>
  </datafield>
  <datafield tag="650" ind1=" " ind2=" ">
   <subfield code="z">Việt Nam,Vietnam</subfield>
  </datafield>
  <datafield tag="904" ind1=" " ind2=" ">
   <subfield code="i">Hải</subfield>
  </datafield>
  <datafield tag="910" ind1=" " ind2=" ">
   <subfield code="c">tvtrong</subfield>
  </datafield>
  <datafield tag="980" ind1=" " ind2=" ">
   <subfield code="a">Trung tâm Học liệu Trường Đại học Cần Thơ</subfield>
  </datafield>
 </record>
</collection>
